Smallest NBA Players - Statistics

General Stats
  • This quiz has been taken 5 times
  • The average score is 3 of 10
Answer Stats
Height Player % Correct
5'3 (160cm) Muggsy Bogues
100%
5'7 (170.2cm) Spud Webb
80%
5'5 (165cm) Earl Boykins
40%
5'7 (170.2cm) Greg Grant
40%
5'7 (170.2cm) Keith Jennings
20%
5'6 (167.6cm) Mel Hirsch
20%
5'7 (170.2cm) Wat Misaka
20%
5'8 (172.7cm) Charlie Criss
0%
5'7 (170.2cm) Monte Towe
0%
5'7 (170.2cm) Red Klotz
0%
No matching quizzes found
Score Distribution
Percent of People with Each Score
Percentile by Number Answered
Your Score History
You have not taken this quiz